Basic Electrical Engineering Science (Record no. 3859)

MARC details
005 - DATE AND TIME OF LATEST TRANSACTION
control field 20250623084918.0
020 ## - INTERNATIONAL STANDARD BOOK NUMBER
International Standard Book Number 0 582 03840 5
082 ## - DEWEY DECIMAL CLASSIFICATION NUMBER
Classification number LM 621.3 SMI
100 ## - MAIN ENTRY--PERSONAL NAME
Author name SMITH, M.
245 ## - TITLE STATEMENT
Title Basic Electrical Engineering Science
260 ## - PUBLICATION, DISTRIBUTION, ETC.
Place of publication, distribution, etc. Harlow,
Name of publisher, distributor, etc. Longman Group
Date of publication, distribution, etc. 1972
300 ## - PHYSICAL DESCRIPTION
Extent xvi,459p.: figure,
Other physical details Index
Dimensions 24cm.
700 ## - ADDED ENTRY--PERSONAL NAME
Other authors/Editors HOSIE, K. T.
942 ## - ADDED ENTRY ELEMENTS (KOHA)
Source of classification or shelving scheme Dewey Decimal Classification
Koha item type Books
Holdings
Date last seen Total checkouts Full call number Barcode Cost, replacement price Price effective from Koha item type Lost status Source of classification or shelving scheme Damaged status Not for loan Withdrawn status Home library Current library Shelving location Date acquired Cost, normal purchase price
06/12/2025   LM 621.3 SMI 00000010850 30000.00 06/12/2025 Books   Dewey Decimal Classification       College of Business Education Main Library College of Business Education Main Library General Collection 08/04/1978 10000.00